000 01626nam a2200505 i 4500
001 40513
003 KOSZ 005
005 20190906125530.0
008 010919s2001 pl |000 0 pol
015 _aPB 2001/15141
020 _a839064861X
035 _a991016880209705066
035 _a(PL-WaBN)b14555815-48omnis_nlop
035 _ab14555815
035 _a(OCoLC)749457690
035 _a(PL)b0000001455581
035 _a(EXLNZ-48OMNIS_NETWORK)9910174112305606
040 _aWA N
_cWA N
_dKOSZ 005/HR
041 0 _apol
046 _k2001
080 _a349.6(438)
080 _a628.1
080 _a628.32
080 _a628.39
100 1 _aWiśniewski, Józef
_eAutor
245 1 0 _aUstawa o zbiorowym zaopatrzeniu w wodę i zbiorowym odprowadzaniu ścieków z komentarzem /
_cJózef Wiśniewski.
250 _aWg stanu prawnego na dzień 20 sierpnia 2001 r.
260 _aBydgoszcz :
_bIzba Gospodarcza "Wodociągi Polskie",
_c2001.
300 _a234 s. ;
_c21 cm.
336 _2rdacontent
_aTekst
_btxt
337 _2rdamedia
_aBez urządzenia pośredniczącego
_bn
338 _2rdacarrier
_aWolumin
_bnc
380 _aKsiążki
380 _aPublikacje fachowe
388 _a2001-
650 7 _aŚcieki
_2DBN
650 7 _aZaopatrzenie w wodę
_2DBN
650 7 _aPrawo ochrony środowiska
651 7 _aPolska
658 _aPrawo i wymiar sprawiedliwości
658 _aOchrona środowiska
856 _uhttp://koha.tu.koszalin.pl/cgi-bin/koha/opac-detail.pl?biblionumber=40513
_yKatalog online BPK
942 _2UKD
_cKS
999 _c40513
_d40513